01053nam a2200265 a 450000100060000000300090000600800410001501500210005602000180007704000280009508200150012324501410013825000120027926000400029130000240033149000330035550000360038865000300042470000520045491700280050694200120053499000870054699900170063395201370065026070CO-ViMGA141112s2004 ck r 000 u spa d ack - 2012 - xxxx a9789586488150 aCO-ViMGAbspacCO-ViMGA04a341.73 P7610aProceso de paz en Colombia : bparticipación de actores internacionales / cSandra Borda Guzmán, Fernando Cepeda Ulloa, compiladores a1a. ed. aBogotá : bEcoe Ediciones, c2012 axiv, 176 p. ; 21 cm aCiencias humanas. Política aIncluye notas a pie de página14aProceso de paz - Colombia1 aBorda Guzmán, Sandra, compilador comp.940694 a2013 - 503 2 ejemplares 2ddccBK a2013 - 503 Ecoe Ediciones 2 ejemplares 21 25/01/2013 a825750 15/01/2013 24/01/2013 c33297d33297 01142ddc40708002aMEVIECARbMEVIECARd2015-12-04h13/nov/2014l0o341.73 P76 p27458r2015-12-04 00:00:00tEj. 1w2015-12-04yBK